Salesmanship and Publicity (Record no. 4284)

MARC details
005 - DATE AND TIME OF LATEST TRANSACTION
control field 20250618112302.0
020 ## - INTERNATIONAL STANDARD BOOK NUMBER
International Standard Book Number 9788125900474
082 ## - DEWEY DECIMAL CLASSIFICATION NUMBER
Classification number 543.8 DAV
100 ## - MAIN ENTRY--PERSONAL NAME
Author name DAVAR, S. R.
245 ## - TITLE STATEMENT
Title Salesmanship and Publicity
250 ## - EDITION STATEMENT
Edition statement 16th Ed.
260 ## - PUBLICATION, DISTRIBUTION, ETC.
Place of publication, distribution, etc. New Delhi
Name of publisher, distributor, etc. Vikas Publishing House
Date of publication, distribution, etc. 2009.
300 ## - PHYSICAL DESCRIPTION
Extent xxiii,422p.:ill.;figures
Other physical details Index
Dimensions 21cm
700 ## - ADDED ENTRY--PERSONAL NAME
Other authors/Editors Sohrab R. Davar
700 ## - ADDED ENTRY--PERSONAL NAME
Other authors/Editors Nusli R. Davar
942 ## - ADDED ENTRY ELEMENTS (KOHA)
Source of classification or shelving scheme Dewey Decimal Classification
Koha item type Books
Holdings
Date last seen Total checkouts Full call number Barcode Cost, replacement price Price effective from Koha item type Lost status Source of classification or shelving scheme Damaged status Not for loan Withdrawn status Home library Current library Shelving location Date acquired Source of acquisition Cost, normal purchase price
06/18/2025   543.8 DAV MZA0001570 150000.00 06/17/2025 Books   Dewey Decimal Classification       CBE Mwanza CBE Mwanza General Collection 07/09/2007 Library Budget 50000.00